000 00745cam a22002533a 4500
001 23058
003 PGUSA
005 20140828083506.0
008 071017s2007||||xxu|||||s|||||000 1 eng d
040 _aPGUSA
_beng
042 _adc
050 4 _aPG
100 1 _aPushkin, Aleksandr Sergeevich,
_d1799-1837
245 1 4 _aThe Queen Of Spades
_h[electronic resource] /
_cAleksandr Sergeevich Pushkin
260 _bProject Gutenberg,
_c2007
506 _aPublic domain in the USA.
516 _aElectronic text
653 _aGambling -- Fiction
653 _aRussia -- Social life and customs -- Fiction
700 1 _aTwitchell, H.
830 0 _aProject Gutenberg
_v23058
856 4 0 _uhttp://www.gutenberg.org/ebooks/23058
942 _cEB
999 _c252313
_d252313